¿Crisis sectoriales o crisis generalizada en el sector agropecuario?
En este trabajo se analiza la problemática del sector agropecuario, campo de batalla entre las tesis neoliberales y desarrollistas. Para los autores, el análisis de este sector es de trascendental importancia en la coyuntura actual, pues ha sido escogido como un espacio de experimentación de las pol...
Αποθηκεύτηκε σε:
| Μορφή: | Κείμενο |
|---|---|
| Θέματα: | |
| Ετικέτες: |
Προσθήκη ετικέτας
Δεν υπάρχουν, Καταχωρήστε ετικέτα πρώτοι!
|
MARC
| LEADER | 00000 a a2200000 04500 | ||
|---|---|---|---|
| 001 | 1773 | ||
| 003 | |||
| 040 | |||
| 245 | |a ¿Crisis sectoriales o crisis generalizada en el sector agropecuario? | ||
| 520 | |a En este trabajo se analiza la problemática del sector agropecuario, campo de batalla entre las tesis neoliberales y desarrollistas. Para los autores, el análisis de este sector es de trascendental importancia en la coyuntura actual, pues ha sido escogido como un espacio de experimentación de las políticas neoliberales, y en el que se presentan fuertes indicios de una crisis generalizada. En el artículo se analizan cuestiones como: la lógica de la política agraria, situación de las exportaciones de productos agropecuarios tradicionales, condiciones del subsector de granos básicos, obstáculos que se le presentan a la agricultura de cambio y, finalmente, la crisis en el subsector de silvicultura. SF/eb | ||
| 650 | |a SECTOR AGROPECUARIO | ||
| 650 | |a RECESION ECONOMICA | ||
| 650 | |a POLITICA AGRARIA | ||
| 650 | |a BANANOS | ||
| 650 | |a CAFE | ||
| 650 | |a CAÑA DE AZUCAR | ||
| 650 | |a PRODUCTOS AGROPECUARIOS | ||
| 650 | |a CREDITO AGRICOLA | ||
| 650 | |a GANADERIA | ||
| 650 | |a FRUTICULTURA | ||
| 650 | |a SILVICULTURA | ||
| 773 | |g número 18; páginas 26-35 | ||
| 999 | |c 24309 |d 24309 | ||
